Central Library OPAC University of Rajshahi

Selected letters of Robert Burns / (Record no. 21659)

MARC details
000 -LEADER
fixed length control field 00981nam a22002892a 4500
001 - CONTROL NUMBER
control field 21659
003 - CONTROL NUMBER IDENTIFIER
rucl marc code BD-RjUL
005 - DATE AND TIME OF LATEST TRANSACTION
control field 20211209000719.0
008 - FIXED-LENGTH DATA ELEMENTS--GENERAL INFORMATION
fixed length control field 140305s1953 enk 000 0aeng d
035 ## - SYSTEM CONTROL NUMBER
System control number OCLC ocm01311164 from D950531M
-- (BD-RjUL)21724
040 ## - CATALOGING SOURCE
Original cataloging agency DLC
Transcribing agency HEI
Modifying agency OCL
-- TJC
-- UKM
-- EQO
-- BD-RjUL
Language of cataloging eng
041 ## - LANGUAGE CODE
Language code of text/sound track or separate title eng
082 ## - DEWEY DECIMAL CLASSIFICATION NUMBER
Classification number 928.2
Author mark and year BUR 1953
100 1# - MAIN ENTRY--PERSONAL NAME
Personal name Burns, Robert,
Dates associated with a name 1759-1796.
9 (RLIN) 66884
245 10 - TITLE STATEMENT
Title Selected letters of Robert Burns /
Statement of responsibility, etc. Edited and with an introd. by De Lancey Ferguson
260 ## - PUBLICATION, DISTRIBUTION, ETC. (IMPRINT)
Place of publication, distribution, etc. London ;
-- New York :
Name of publisher, distributor, etc. Oxford University Press,
Date of publication, distribution, etc. 1953
300 ## - PHYSICAL DESCRIPTION
Pagination xxvii, 371 p. :
Size 15 cm
490 1# - SERIES STATEMENT
Series statement World's classics ;
Volume/sequential designation 529
600 ## - SUBJECT ADDED ENTRY--PERSONAL NAME
Personal name Burns, Robert,
Dates associated with a name 1759-1796.
650 ## - SUBJECT ADDED ENTRY--TOPICAL TERM
Topical term or geographic name as entry element Burns, Robert. -- 1759-1796.
9 (RLIN) 66886
700 1# - ADDED ENTRY--PERSONAL NAME
Personal name Ferguson, J. De Lancey
Fuller form of name (John De Lancey),
Dates associated with a name 1888-1966
830 #0 - SERIES ADDED ENTRY--UNIFORM TITLE
Volume number/sequential designation 529
830 #0 - SERIES ADDED ENTRY--UNIFORM TITLE
Uniform title World's classics ;
942 ## - ADDED ENTRY ELEMENTS (KOHA)
Source of classification or shelving scheme Dewey Decimal Classification
Koha item type Books
Holdings
Lost status Source of classification or shelving scheme Damaged status Not for loan Collection code Permanent Location Current Location Shelving location Date acquired Source of acquisition Cost, normal purchase price Total Checkouts Full call number Date last seen Copy number Koha item type
  Dewey Decimal Classification     Non-fiction Central Library, University of Rajshahi Central Library, University of Rajshahi   04/03/1955 N/A 0.00   928.2 BUR 1953 05/03/2014 C-2 Books
  Dewey Decimal Classification   Added to bundle Non-fiction Central Library, University of Rajshahi Central Library, University of Rajshahi Reading Room 25/10/1954 O.U.P. 2.13   928.2 BUR 1953 06/03/2014 C-1 Books